| 000 | 00747nam a2200265Ia 4500 | ||
|---|---|---|---|
| 001 | Z_3577 | ||
| 003 | CHAP | ||
| 005 | 20220920190202.0 | ||
| 008 | 220113s1977 xx 000 0 und d | ||
| 010 | _a166663 | ||
| 040 | _cCHAP | ||
| 090 | _aFolleto 423 | ||
| 100 |
_aOrcasberro, Ruy _983403 |
||
| 245 |
_aLa digestibilidad de los alimentos / _cpor Ruy Orcasberro |
||
| 260 |
_aChapingo, Méx. : _bUACH. Departamento de Zootecnia, _c1977 |
||
| 300 | _a24 h. | ||
| 500 | _aTrabajo elaborado para el curso de Nutrición animal II. | ||
| 650 |
_aGanado _xAlimentos y alimentación _9140725 |
||
| 650 | _aNutrición animal | ||
| 901 | _aFOLLETO 423 | ||
| 902 | _aM | ||
| 910 | _a1977 | ||
| 942 |
_cFOLL _2local |
||
| 942 |
_cFOLL _2local |
||
| 999 |
_c166663 _d166663 |
||